000
00211 a2200097 4500
001
48283
100
_a
Dawad Askary
245
_a
Joi Sher, Pt I
260
_a
Karachi
_b
Rasheed & Sons
_c
090
_c
31235
_d
31235
942
_a
NUST-CAE
_c
M
_c
23598
999
_c
283356
_d
283356